Taylor Swift - Guess by first verse [TTPD] - Statistics

General Stats
  • This quiz has been taken 53 times
  • The average score is 25 of 31
Answer Stats
Hint Answer % Correct
Forgive me, *****, my lost fearless leader Peter
95%
Now and then she re-reads the manuscript The Manuscript
95%
You look like ***** *** in this light Clara Bow
93%
You left your typewriter at my apartment The Tortured Poets Department
93%
I was supposed to be sent away, but they forgot to come and get me Fortnight
90%
Now pretty baby I′m runnin back home to you Fresh Out The Slammer
90%
I feel so high school So High School
90%
The ′Who's Who′ of 'Who's That?′ Who’s Afraid of Little Old Me?
90%
Did you really beam me up? Down Bad
88%
I can read your mind I Can Do It With a Broken Heart
86%
Who′s gonna stop us from waltzing back into rekindled flames loml
86%
I forget how the West was won But Daddy I Love Him
83%
You can beat the heat if you beat the charges too Florida!!!
83%
Drowning in the Blue Nile Guilty as Sin?
83%
Oh, here we go again. My Boy Only Breaks His Favorite Toys
83%
I saw in my mind fairy lights through the mist So Long, London
83%
Was any of it true? The Smallest Man Who Ever Lived
83%
Your hologram stumbled into my apartment Chloe or Sam or Sophia or Marcus
81%
Lilac short skirt imgonnagetyouback
81%
When I picture my hometown thanK you aIMee
81%
Quick, quick I Hate It Here
79%
I am someone who, until recent events The Black Dog
79%
By all accounts, she almost drowned The Bolter
79%
The smoke cloud billows out his mouth I Can Fix Him (No Really I Can)
76%
This happens once every few lifetimes The Alchemy
76%
I was in my new house placing daydreams Cassandra
74%
We hereby conduct this post mortem How Did It End?
74%
I had died the tiniest death I Look in People's Windows
67%
Long may you reign Robin
67%
Wise men once said The Albatross
62%
One, two, one, two, three, four The Prophecy
45%
No matching quizzes found
Score Distribution
Percent of People with Each Score
Percentile by Number Answered
Your Score History
You have not taken this quiz